| 000 | 00578nam a22002297a 4500 | ||
|---|---|---|---|
| 999 |
_c358314 _d358315 |
||
| 003 | IT-MiCISF | ||
| 005 | 20190516152206.0 | ||
| 008 | 190516b ||||| |||| 00| 0 eng d | ||
| 040 | _cIT-MiCISF | ||
| 041 | _ait | ||
| 100 |
_aBernacchi Seila, Casula Daniela _957862 |
||
| 210 | _aBioetica | ||
| 245 | _aSul Fertility Day | ||
| 260 | _c2016 | ||
| 300 | _app. 379-534 | ||
| 310 | _atrimestrale | ||
| 362 | _an. 3 | ||
| 500 | _apolitica-natalista, società , massmedia, nuovi-media, bioetica | ||
| 650 |
_asocietà _956109 |
||
| 654 | _abioetica | ||
| 942 |
_2ddc _cCR |
||